[Event "Server NA Champ Class B, S92021"]
[Site "CCLA"]
[Date "2019.04.22"]
[Round "?"]
[White "Walton, John C."]
[Black "Strelecky, Rich"]
[Result "1-0"]
[WhiteElo "1924"]
[BlackElo "1673"]

1. e4 d5 2. exd5 Nf6 3. d4 Bg4 4. Bb5+ Nbd7 5. f3 Bh5 6. Nc3 a6 7. Ba4 b5 
8. Bb3 Nb6 9. Qe2 Nfxd5 10. Nxd5 Nxd5 11. a4 b4 12. g4 Bg6 13. f4 h6 14. 
f5 Bh7 15. Qc4 Qd6 16. Qxd5 Qxd5 17. Bxd5 O-O-O 18. Bxf7 Rxd4 19. Ne2 Rxg4
20. Be6+ Kb8 21. Bf4 Bg8 22. O-O-O Bxe6 23. fxe6 Rg6 24. Rd8+ Kb7 25. Rd7 
Rxe6 26. Rxc7+ Kb6 27. a5+ Kxa5 28. Nd4 Re4 29. Rb7 Rxd4 30. Bc7+ Ka4 31. 
b3+ Ka3 32. Ra7 Rd6 33. Bxd6 exd6 34. Rxa6# 1-0

[Event "Server NA Champ Class B, S92021"]
[Site "CCLA"]
[Date "2019.04.22"]
[Round "?"]
[White "Dolan, Bruce"]
[Black "Walton, John C."]
[Result "0-1"]
[WhiteElo "1697"]
[BlackElo "1924"]

1. e4 c5 2. Nf3 e6 3. Nc3 Nc6 4. Bb5 Nd4 5. d3 a6 6. Bc4 b5 7. Bb3 Nxb3 8.
 axb3 Bb7 9. O-O d6 10. Bd2 Be7 11. Ne2 Nf6 12. Ba5 Qb8 13. Bd2 O-O 14. 
Ng3 Re8 15. b4 Nd7 16. bxc5 dxc5 17. Nh5 g6 18. Ng3 b4 19. Bh6 Bf6 20. Ra2
a5 21. b3 Bc6 22. Bg5 Bg7 23. Bc1 a4 24. d4 a3 25. Re1 f5 26. exf5 exf5 
27. Rxe8+ Qxe8 28. d5 Bb7 29. Qd3 Ne5 30. Nxe5 Qxe5 0-1

[Event "Server NA Champ Class B, S92021"]
[Site "CCLA"]
[Date "2019.04.22"]
[Round "?"]
[White "Walton, John C."]
[Black "Anderson II, Dale"]
[Result "1-0"]
[WhiteElo "1924"]
[BlackElo "1635"]

1. d4 Nf6 2. c4 g6 3. g3 c6 4. Bg2 d5 5. Qa4 Bg7 6. cxd5 Nxd5 7. Nf3 Nb6 
8. Qc2 Bg4 9. e3 O-O 10. O-O Na6 11. Nc3 Nb4 12. Qd2 e6 13. a3 Nc4 14. Qe2
Nxa3 15. bxa3 Nd5 16. Qc2 Bxf3 17. Bxf3 Nc7 18. Rb1 Rb8 19. a4 e5 20. Ba3 
Re8 21. Ne4 Ne6 22. dxe5 Bxe5 23. Bg2 Qc7 24. f4 1-0

[Event "Server NA Champ Class B, S92021"]
[Site "CCLA"]
[Date "2019.04.22"]
[Round "?"]
[White "Regan, David"]
[Black "Walton, John C."]
[Result "0-1"]
[WhiteElo "1655"]
[BlackElo "1924"]

1. g3 e5 2. Bg2 d5 3. d3 Nf6 4. Nd2 Bc5 5. e3 O-O 6. Ne2 Nc6 7. O-O Bf5 8.
 Nf3 Re8 9. b3 e4 10. Nfd4 Nxd4 11. Nxd4 Bxd4 12. exd4 exd3 13. cxd3 c6 
14. Qf3 Bg4 15. Qf4 Be2 16. Re1 Bxd3 17. Ba3 Qa5 18. Bb2 Rxe1+ 0-1

[Event "Server NA Champ Class B, S92021"]
[Site "CCLA"]
[Date "2019.04.22"]
[Round "?"]
[White "Shannon, Paul D."]
[Black "Corbin, John"]
[Result "1-0"]
[WhiteElo "1795"]
[BlackElo "1634"]

1. e4 e5 2. Nf3 d6 3. d4 exd4 4. Qxd4 Be6 5. Nc3 h6 6. Be3 Qf6 7. Qd2 Nc6 
8. Bb5 Ne7 9. O-O-O O-O-O 10. Rhe1 Ne5 11. Nxe5 Qxe5 12. f4 Qh5 13. h3 f5 
14. e5 g5 15. Qd4 c5 16. Qa4 Kb8 17. Bxc5 Nc8 18. exd6 b6 19. Bd4 Rh7 20. 
Rxe6 Qf7 21. Rf6 Qh5 22. d7 Bd6 23. dxc8=Q+ Kxc8 24. Ba6+ 1-0

[Event "Server NA Champ Class B, S92021"]
[Site "CCLA"]
[Date "2019.04.22"]
[Round "?"]
[White "Strelecky, Rich"]
[Black "Shannon, Paul D."]
[Result "1/2-1/2"]
[WhiteElo "1673"]
[BlackElo "1795"]

1. d4 Nf6 2. Bf4 e6 3. Nf3 b6 4. e3 Bb7 5. Bd3 Be7 6. Nbd2 O-O 7. c3 d6 8.
 O-O Nbd7 9. Qc2 Re8 10. Ng5 Nf8 11. Rfe1 h6 12. Nh3 Nh5 13. Bb5 c6 14. 
Be2 Nxf4 15. Nxf4 e5 16. dxe5 dxe5 17. Nd3 Ng6 18. Bh5 Bf8 19. Bxg6 fxg6 
20. Nc4 Qd5 21. b3 Rad8 22. Ndxe5 c5 23. f3 g5 24. Rad1 Qe6 25. Rxd8 Rxd8 
26. Ng4 Be7 27. e4 Ba6 28. Qe2 Bxc4 29. bxc4 Qd7 30. Ne3 Bf6 31. Rd1 Qa4 
32. Rxd8+ Bxd8 33. e5 Qd7 34. Qd1 Qxd1+ 35. Nxd1 1/2-1/2

[Event "Server NA Champ Class B, S92021"]
[Site "CCLA"]
[Date "2019.04.22"]
[Round "?"]
[White "Shannon, Paul D."]
[Black "Dolan, Bruce"]
[Result "1-0"]
[WhiteElo "1795"]
[BlackElo "1697"]

1. e4 c5 2. c3 d5 3. exd5 Qxd5 4. d4 cxd4 5. cxd4 Nc6 6. Nf3 Bg4 7. Be2 e6
8. O-O Bd6 9. Nc3 Qf5 10. d5 exd5 11. Qxd5 Qxd5 12. Nxd5 O-O-O 13. Bf4 
Bxf4 14. Nxf4 Nge7 15. Rac1 h5 16. b4 Kb8 17. b5 Nd4 18. Nxd4 Rxd4 19. 
Bxg4 hxg4 20. Ne2 Rd2 21. Nc3 Rd6 22. f3 Rdh6 23. fxg4 Rxh2 24. Kf2 f6 25.
 Rfd1 Ng6 26. Kg3 Ne5 27. Nd5 R2h6 28. Ne3 Re8 29. Rc3 Rhh8 30. Rdc1 Rd8 
31. Nf5 Rd7 32. a4 Rhd8 33. R1c2 Rd3+ 34. Rxd3 Rxd3+ 35. Kf4 g5+ 36. Ke4 
Ra3 37. Nd6 Rxa4+ 38. Kf5 Rf4+ 39. Ke6 a6 40. Rc8+ Ka7 41. Rf8 axb5 42. 
Nxb5+ Kb6 43. Nc3 Rf2 44. Nd5+ Kb5 45. Rb8 Nxg4 46. Rxb7+ Kc4 47. Rb4+ Kc5
48. Rxg4 1-0

[Event "Server NA Champ Class B, S92021"]
[Site "CCLA"]
[Date "2019.04.22"]
[Round "?"]
[White "Anderson II, Dale"]
[Black "Shannon, Paul D."]
[Result "1/2-1/2"]
[WhiteElo "1635"]
[BlackElo "1795"]

1. e4 e6 2. d4 d5 3. Nd2 Nf6 4. e5 Nfd7 5. Bd3 c5 6. c3 Nc6 7. Ne2 cxd4 8.
 cxd4 Qb6 9. Nf3 f6 10. exf6 Nxf6 11. O-O Bd6 12. b3 O-O 13. Bb2 Bd7 14. 
Ng3 Rae8 15. Ne5 Re7 16. Kh1 Kh8 17. f4 Nxd4 18. Bxh7 Bxe5 19. fxe5 Nxh7 
20. Rxf8+ Nxf8 21. Bxd4 Qa5 22. Qf3 Nh7 23. Qc3 Qxc3 24. Bxc3 Ng5 25. Bd4 
a6 26. Bc5 Re8 27. Rf1 Kg8 28. Rf4 Rc8 29. Be3 Nf7 30. Bd4 Rc1+ 31. Rf1 
Rxf1+ 1/2-1/2

[Event "Server NA Champ Class B, S92021"]
[Site "CCLA"]
[Date "2019.04.22"]
[Round "?"]
[White "Shannon, Paul D."]
[Black "Regan, David"]
[Result "1-0"]
[WhiteElo "1795"]
[BlackElo "1655"]

1. Nf3 g6 2. d4 Bg7 3. e4 d6 4. c3 Nd7 5. Be2 e5 6. O-O Ngf6 7. Nbd2 O-O 
8. Re1 Re8 9. Qc2 c6 10. Bf1 Qc7 11. b3 b6 12. Bb2 Bb7 13. Rad1 c5 14. d5 
a6 15. a4 Rf8 16. g3 Nh5 17. Bg2 Nhf6 18. Nf1 Rab8 19. c4 a5 20. h3 h6 21.
 g4 Kh7 22. Ng3 Qd8 23. Bc1 Ng8 24. Kf1 Ra8 25. Ke2 Nb8 26. Rh1 Na6 27. h4
Nb4 28. Qb1 f6 29. g5 h5 30. gxf6 Nxf6 31. Ng5+ Kg8 32. Ne6 Qe7 33. Nxf8 
Qxf8 34. f3 Bh6 35. Bh3 Bc8 36. Bxc8 Rxc8 37. Rhg1 Kf7 38. Rg2 Qh8 39. 
Rdg1 Rg8 40. Nf1 Bxc1 41. Qxc1 Qh7 42. Ng3 Na6 43. f4 Ng4 44. fxe5 Nxe5 
45. Qf4+ Ke8 46. Qf6 1-0

[Event "Server NA Champ Class B, S92021"]
[Site "CCLA"]
[Date "2019.04.22"]
[Round "?"]
[White "Corbin, John"]
[Black "Strelecky, Rich"]
[Result "1-0"]
[WhiteElo "1634"]
[BlackElo "1673"]

1. e4 d5 2. exd5 Nf6 3. c4 c6 4. dxc6 Nxc6 5. Nc3 Bg4 6. Be2 Qd4 7. d3 Qe5
8. Be3 Bh5 9. Nf3 Qd6 10. Nb5 Qd7 11. O-O a6 12. Nc3 Ng4 13. Nd5 Nxe3 14. 
Nxe3 e6 15. a3 Be7 16. Qa4 O-O 17. Ne5 Qd6 18. Nxc6 Bxe2 19. Nxe7+ Qxe7 
20. Rfe1 Bxd3 21. Rad1 b5 22. cxb5 Bxb5 23. Qe4 Rfe8 24. Nd5 Qc5 25. Ne3 
a5 26. Rc1 Qd6 27. Red1 Qb6 28. h3 Ba6 29. Rd2 Bb7 30. Qd4 Qxd4 31. Rxd4 
Red8 32. Rxd8+ Rxd8 33. Rc3 f5 34. Rb3 Bc6 35. Rb6 Bd7 36. Nc4 Ra8 37. f4 
h6 38. h4 Kf8 39. Ne5 Bc8 40. Kf2 Ke7 41. g4 fxg4 42. Nxg4 Ra7 43. Ne5 Kf6
44. Rb8 Rc7 45. Ke3 Kf5 46. Rb5 a4 47. Ra5 Bb7 48. Rxa4 g5 49. hxg5 hxg5 
50. Nf3 gxf4+ 51. Rxf4+ Kg6 52. Ne5+ Kh5 53. Rc4 Rxc4 54. Nxc4 Bc6 55. Ne5
Ba4 56. Kf4 Bb3 57. Nc6 Kg6 58. Ke5 Kf7 59. Kd6 Kf6 60. Nd4 Bc4 61. Nxe6 
Bxe6 62. b4 Bc4 63. a4 1-0

[Event "Server NA Champ Class B, S92021"]
[Site "CCLA"]
[Date "2019.04.22"]
[Round "?"]
[White "Dolan, Bruce"]
[Black "Corbin, John"]
[Result "1-0"]
[WhiteElo "1697"]
[BlackElo "1634"]

1. e4 e5 2. Nf3 d6 3. d4 exd4 4. Nxd4 g6 5. Nc3 Bg7 6. Be3 Ne7 7. Qd2 O-O 
8. O-O-O a6 9. Be2 c5 10. Nf3 b5 11. h4 Bb7 12. Bxc5 Bxc3 13. Qxc3 Bxe4 
14. Bxd6 Nd7 15. Qd4 Bf5 16. g4 Be6 17. Ng5 Re8 18. Bf3 Rc8 19. Nxe6 fxe6 
20. h5 Rc4 21. Qe3 Nf8 22. hxg6 Nexg6 23. Bxf8 Qf6 24. Bd6 Qg7 25. Bd5 
Rxc2+ 26. Kxc2 Rc8+ 27. Kb1 exd5 28. Qe6+ Qf7 29. Qxc8+ 1-0

[Event "Server NA Champ Class B, S92021"]
[Site "CCLA"]
[Date "2019.04.22"]
[Round "?"]
[White "Corbin, John"]
[Black "Anderson II, Dale"]
[Result "0-1"]
[WhiteElo "1634"]
[BlackElo "1635"]

1. e4 c5 2. b3 e6 3. Bb2 a6 4. g4 Nc6 5. Bg2 d5 6. exd5 exd5 7. Nc3 d4 8. 
Nd5 Nf6 9. Qe2+ Be6 10. Nxf6+ Qxf6 11. Bxc6+ bxc6 12. O-O-O Be7 13. h3 Bd5
14. f3 h5 15. Qg2 hxg4 16. hxg4 Rxh1 17. Qxh1 Kd7 18. Re1 Qf4 19. Qh3 Bg5 
20. Qg2 Rh8 21. c4 Rh2 22. Nh3 Rxh3 23. cxd5 Rh2 24. dxc6+ Kxc6 25. Re4 
Rxg2 26. Rxf4 Bxf4 0-1

[Event "Server NA Champ Class B, S92021"]
[Site "CCLA"]
[Date "2019.04.22"]
[Round "?"]
[White "Regan, David"]
[Black "Corbin, John"]
[Result "1-0"]
[WhiteElo "1655"]
[BlackElo "1634"]

1. g3 g6 2. Bg2 Bg7 3. d3 d5 4. Nd2 e5 5. c3 Ne7 6. e4 d4 7. c4 O-O 8. Qc2
a5 9. Ngf3 Nbc6 10. a3 f5 11. O-O a4 12. exf5 Bxf5 13. Ne4 b6 14. Bg5 Qd7 
15. Rae1 Bxe4 16. Rxe4 Nf5 17. Bc1 Nd6 18. Ree1 Nb7 19. Ng5 Nc5 20. Ne4 
Nb3 21. Nd2 Nxc1 22. Qxc1 Ra7 23. Ne4 Na5 24. Qd1 Nb3 25. Nd2 Nc5 26. Ne4 
Na6 27. Qc2 Nb8 28. Qe2 Re8 29. h4 Qe7 30. h5 g5 31. Qg4 h6 32. Nd2 Nd7 
33. Ne4 Kh8 34. Bh3 c6 35. Bg2 b5 36. cxb5 cxb5 37. Rc1 b4 38. axb4 Qxb4 
39. Rc2 Qb6 40. Rfc1 Qb8 41. Qf5 Qb6 42. Rc8 Rf8 43. Rxf8+ Nxf8 44. Rc8 
Qb4 45. Nf6 1-0

[Event "Server NA Champ Class B, S92021"]
[Site "CCLA"]
[Date "2019.04.22"]
[Round "?"]
[White "Strelecky, Rich"]
[Black "Dolan, Bruce"]
[Result "1/2-1/2"]
[WhiteElo "1673"]
[BlackElo "1697"]

1. d4 d5 2. Nf3 Bg4 3. Bf4 Nd7 4. e3 Ngf6 5. Be2 Nh5 6. O-O Nxf4 7. exf4 
e6 8. Ne5 Bxe2 9. Qxe2 Bd6 10. Qb5 Rb8 11. Qa4 c6 12. Qxa7 O-O 13. Re1 f6 
14. Nxd7 Qxd7 15. g3 f5 16. Qa5 Rf6 17. Qd2 Qf7 18. Nc3 Qh5 19. Qe2 Qxe2 
20. Rxe2 Rg6 21. Kh1 Kf7 22. a3 b5 23. a4 Ra8 24. Ree1 b4 25. Ne2 h5 26. 
a5 Ra6 27. Ng1 Bc7 28. Nf3 Rh6 29. Ra4 Rxa5 30. Rxa5 Bxa5 31. Ne5+ Kf6 32.
 Nxc6 Bc7 33. Nxb4 Ba5 34. c3 Bxb4 35. cxb4 Rh8 36. Re3 Rb8 37. Rb3 Rb5 
38. Kg1 Ke7 39. h4 Kd6 40. f3 Kc6 41. Rc3+ Kd7 42. Rb3 Kc7 43. Kf2 Kc6 44.
 Rc3+ Kd6 45. Rb3 Kc6 46. Rc3+ Kd6 47. b3 Rxb4 48. Rd3 Kc6 49. Ke2 Rb6 50.
 Kd2 Ra6 51. Rc3+ Kd6 52. Rc1 Ra2+ 53. Rc2 Ra1 54. Rc1 Ra2+ 55. Rc2 Ra1 
56. Ke3 Re1+ 57. Kf2 Rb1 58. g4 fxg4 59. Rc3 gxf3 60. Rxf3 Rb2+ 61. Kg3 
Rd2 62. f5 Rxd4 63. fxe6 Rg4+ 64. Kh3 Kxe6 65. Re3+ Kf5 66. Re7 d4 67. b4 
d3 68. b5 Rd4 69. Rf7+ Ke4 70. Re7+ Kf3 71. Rf7+ Ke4 72. Re7+ Kf3 73. Rf7+
Ke2 74. Re7+ Kf3 75. Rf7+ 1/2-1/2

[Event "Server NA Champ Class B, S92021"]
[Site "CCLA"]
[Date "2019.04.22"]
[Round "?"]
[White "Anderson II, Dale"]
[Black "Strelecky, Rich"]
[Result "0-1"]
[WhiteElo "1635"]
[BlackElo "1673"]

1. e4 d5 2. exd5 Nf6 3. d4 Bg4 4. Bb5+ Nbd7 5. f3 Bh5 6. Nh3 Nxd5 7. O-O 
c6 8. Bc4 Qc7 9. Bxd5 cxd5 10. Nc3 e6 11. Bf4 Qc4 12. Nf2 Bb4 13. Ne2 O-O 
14. c3 Ba5 15. Bd6 Rfc8 16. Nf4 Rc6 17. Be7 Bg6 18. Nxg6 hxg6 19. f4 Re8 
20. Bh4 Bc7 21. Ng4 f5 22. Ne3 Qb5 23. Qb3 Rb6 24. Qxb5 Rxb5 25. b3 Nf6 
26. Be1 Nh5 27. Bg3 Nxg3 28. hxg3 Kf7 29. g4 Rb6 30. c4 dxc4 31. Nxc4 Rc6 
32. g5 Rd8 33. Ne5+ Bxe5 34. dxe5 Rd2 35. Rfd1 Rcc2 36. Rxd2 Rxd2 37. Rc1 
Ke7 38. Rc7+ Rd7 39. Rxd7+ Kxd7 40. Kf2 Kc6 41. Ke2 Kc5 42. Kd3 Kb4 43. 
Kd4 b6 44. Kd3 Ka3 45. Kc4 a6 0-1

[Event "Server NA Champ Class B, S92021"]
[Site "CCLA"]
[Date "2019.04.22"]
[Round "?"]
[White "Strelecky, Rich"]
[Black "Regan, David"]
[Result "1/2-1/2"]
[WhiteElo "1673"]
[BlackElo "1655"]

1. d4 g6 2. Bf4 Bg7 3. e3 d6 4. Nf3 Nd7 5. Bb5 c6 6. Bd3 e5 7. dxe5 dxe5 
8. Bg5 Ngf6 9. Nbd2 O-O 10. O-O Qc7 11. Qe2 Re8 12. e4 Nc5 13. Qe3 Nxd3 
14. cxd3 Be6 15. Rfe1 Rad8 16. h3 Qb6 17. Qxb6 axb6 18. Nxe5 Bxh3 19. Ndc4
Be6 20. Nxb6 h6 21. Bh4 g5 22. Bg3 Nh5 23. Bh2 Bxe5 24. Bxe5 Rxd3 25. Bc3 
Red8 26. Na4 Bc8 27. Nc5 R3d6 28. Ba5 Re8 29. Re3 f5 30. Bc7 Rd2 31. e5 
Nf4 32. Rb3 Ne2+ 33. Kh1 Nd4 34. Rd3 Rxd3 35. Nxd3 Ne6 36. Ba5 Re7 37. f3 
Rd7 38. Nf2 Rd5 39. Bc3 Nf4 40. Re1 Be6 41. b3 Nd3 42. Nxd3 Rxd3 43. Ba5 
Kf7 44. Kg1 Bd5 45. Kf2 Be6 46. Rh1 Kg6 47. Ke2 Rd5 48. Bc3 f4 49. Ra1 Rd7
50. Rd1 Rxd1 51. Kxd1 Kf5 52. Ke1 h5 53. Kf2 g4 54. Kg1 gxf3 55. gxf3 Bd5 
56. Kg2 h4 57. Bb2 h3+ 58. Kxh3 Bxf3 59. Kh2 Bd5 1/2-1/2

[Event "Server NA Champ Class B, S92021"]
[Site "CCLA"]
[Date "2019.04.22"]
[Round "?"]
[White "Dolan, Bruce"]
[Black "Anderson II, Dale"]
[Result "1-0"]
[WhiteElo "1697"]
[BlackElo "1635"]

1. e4 c5 2. Nf3 e6 3. Nc3 a6 4. g3 b5 5. Bg2 Bb7 6. d3 Be7 7. O-O d6 8. e5
dxe5 9. Nxe5 Bxg2 10. Kxg2 Nd7 11. Nc6 Qb6 12. Nxe7 Nxe7 13. Qf3 Rd8 14. 
Be3 O-O 15. Kg1 Nc6 16. Rae1 Nd4 17. Bxd4 cxd4 18. Ne4 Rc8 19. Re2 Nc5 20.
 Kh1 Nd7 21. Kg1 f5 22. Ng5 Rc6 23. Rfe1 Rf6 24. Qh5 h6 25. Qe8+ Nf8 26. 
Nf3 Rd6 27. Ne5 Qd8 28. Qxd8 Rxd8 29. f4 Rc8 30. Nf3 Rd8 31. a4 b4 32. Kf2
Rd6 33. Ne5 Ng6 34. h3 Kf8 35. a5 Ke7 36. Ra1 Rd5 37. Nc6+ Kd6 38. Nxb4 
Rb5 39. Nxa6 Kc6 40. c3 dxc3 41. bxc3 1-0

[Event "Server NA Champ Class B, S92021"]
[Site "CCLA"]
[Date "2019.04.22"]
[Round "?"]
[White "Regan, David"]
[Black "Dolan, Bruce"]
[Result "0-1"]
[WhiteElo "1655"]
[BlackElo "1697"]

1. g3 d5 2. Bg2 Nf6 3. d3 e5 4. Nd2 c6 5. c3 Bc5 6. e3 Bf5 7. Nb3 Bb6 8. 
Ne2 O-O 9. O-O Qd7 10. d4 Re8 11. dxe5 Rxe5 12. Nbd4 Bh3 13. Nf4 Bxg2 14. 
Kxg2 Na6 15. Nf3 Ree8 16. Qc2 Nc5 17. Nd3 Qf5 18. Nb4 Nce4 19. Qe2 Qh5 20.
 Nd4 c5 21. Qxh5 Nxh5 22. Nxd5 cxd4 23. Nxb6 axb6 24. exd4 Nhf6 25. c4 Nd6
0-1

[Event "Server NA Champ Class B, S92021"]
[Site "CCLA"]
[Date "2019.04.22"]
[Round "?"]
[White "Anderson II, Dale"]
[Black "Regan, David"]
[Result "1-0"]
[WhiteElo "1635"]
[BlackElo "1655"]

1. e4 g6 2. d4 Bg7 3. Nc3 d6 4. Be3 a6 5. Qd2 Nd7 6. h4 h5 7. Nh3 b5 8. 
Ng5 c6 9. O-O-O Qc7 10. Bd3 Bb7 11. f3 Ngf6 12. Rhe1 e5 13. f4 Ng4 14. 
fxe5 dxe5 15. d5 Nxe3 16. Qxe3 O-O 17. dxc6 Bxc6 18. Kb1 Nf6 19. Qc5 Rac8 
20. Rf1 Bb7 21. Qxc7 Rxc7 22. Be2 Rfc8 23. a3 Rf8 24. Rd3 Rd7 25. Rxd7 
Nxd7 26. Rd1 Nf6 27. Bf3 Rc8 28. Nd5 Bxd5 29. exd5 Nd7 30. d6 Rc4 31. g3 
Bf6 32. Bd5 Rd4 33. Rxd4 exd4 34. Bxf7+ Kg7 35. Be8 Bxg5 36. hxg5 Ne5 37. 
d7 Nc6 38. Kc1 Nd8 39. Kd2 1-0

[Event "2019 NA Class C Champ., S93009"]
[Site "CCLA"]
[Date "2019.12.21"]
[Round "?"]
[White "Sanchez, David A."]
[Black "McLaughlin, Ed"]
[Result "0-1"]
[WhiteElo "1435"]
[BlackElo "1601"]

1. e4 e6 2. d4 d5 3. Nd2 c5 4. exd5 Qxd5 5. Ngf3 Nc6 6. Bc4 Qh5 7. Nb3 
cxd4 8. Nfxd4 Qxd1+ 9. Kxd1 Bd7 10. Bf4 O-O-O 11. Ke2 Nge7 12. Nb5 Ng6 
13. Bd6 a6 14. Bxf8 Rhxf8 15. Nd6+ Kc7 16. Rhd1 Nge5 0-1

[Event "2019 NA Class C Champ., S93009"]
[Site "CCLA"]
[Date "2019.12.21"]
[Round "?"]
[White "McLaughlin, Ed"]
[Black "Sanchez, David A."]
[Result "1-0"]
[WhiteElo "1601"]
[BlackElo "1435"]

1. d4 d5 2. e3 Nf6 3. Nd2 c5 4. dxc5 e5 5. b4 a6 6. Bb2 Nc6 7. a3 b6 8. 
cxb6 Qxb6 9. c4 dxc4 10. Nxc4 Qc7 11. Nf3 Bg4 12. Rc1 e4 13. Nce5 exf3 
14. Rxc6 fxg2 15. Bxg2 1-0

[Event "2019 NA Class C, Rd 1,S93011"]
[Site "CCLA"]
[Date "2019.04.22"]
[Round "1"]
[White "Taylor, Ronald D."]
[Black "Lartigue, Jonathan"]
[Result "0-1"]
[WhiteElo "1386"]
[BlackElo "1661"]

1. e4 c5 2. c3 Nf6 3. e5 Nd5 4. Nf3 Nc6 5. Bc4 e6 6. d4 cxd4 7. cxd4 d6 8.
 O-O Be7 9. Nc3 dxe5 10. Bxd5 exd5 11. dxe5 Be6 12. Bf4 O-O 13. Rc1 d4 14.
 Ne4 Bxa2 15. b3 Qd5 0-1

[Event "2019 NA Class C, Rd 1,S93011"]
[Site "CCLA"]
[Date "2019.04.22"]
[Round "1"]
[White "Taylor, Ronald D."]
[Black "Sanchez, David A."]
[Result "0-1"]
[WhiteElo "1386"]
[BlackElo "1430"]

1. e4 e5 2. Bc4 Nf6 3. d4 exd4 4. e5 d5 5. exd6 Qxd6 6. Nf3 Nc6 7. c3 Be6 
8. Bb5 O-O-O 9. O-O dxc3 10. Nxc3 Qxd1 11. Rxd1 Rxd1+ 12. Nxd1 Bd5 13. Nc3
Bxf3 0-1

[Event "2019 NA Class C, Rd 1,S93011"]
[Site "CCLA"]
[Date "2019.04.22"]
[Round "1"]
[White "Taylor, Ronald D."]
[Black "Cangelosi, Dominic"]
[Result "0-1"]
[WhiteElo "1386"]
[BlackElo "1463"]

1. e4 d5 2. exd5 Qxd5 3. Nc3 Qa5 4. Bc4 e5 5. d3 Nf6 6. Bd2 Qb6 7. Nf3 Be6
8. Bxe6 Qxe6 9. O-O Bd6 10. Re1 Nc6 11. d4 O-O 12. dxe5 Nxe5 13. Ng5 Qf5 
14. h3 h6 15. Nf3 Nxf3+ 16. Qxf3 Qxf3 17. gxf3 Rad8 18. Kg2 Nh5 19. Re4 f5
20. Re2 Bf4 21. Be3 Be5 22. Nb5 a6 23. Nc3 Rfe8 24. Rae1 g5 0-1

[Event "2019 NA Class C, Rd 1,S93011"]
[Site "CCLA"]
[Date "2019.04.22"]
[Round "1"]
[White "Taylor, Ronald D."]
[Black "Moujan, Pablo"]
[Result "0-1"]
[WhiteElo "1386"]
[BlackElo "1406"]

1. e4 g6 2. d4 Bg7 3. Nc3 d6 4. f4 Nf6 5. Bd3 Nc6 6. d5 Nb4 7. Nf3 c6 8. 
dxc6 Nxd3+ 9. Qxd3 bxc6 10. O-O O-O 11. h3 Rb8 12. Rb1 Nh5 13. Ne2 Rb5 14.
 Nfd4 Qb6 15. Be3 Rxb2 16. Rxb2 Qxb2 17. Nxc6 Qb7 18. Na5 Qc7 19. Nc4 Ba6 
0-1

[Event "2019 NA Class C, Rd 1,S93011"]
[Site "CCLA"]
[Date "2019.04.22"]
[Round "1"]
[White "Lartigue, Jonathan"]
[Black "Taylor, Ronald D."]
[Result "1-0"]
[WhiteElo "1661"]
[BlackElo "1386"]

1. e4 Nf6 2. e5 Nd5 3. d4 d6 4. Nf3 Bg4 5. Be2 e6 6. O-O Nc6 7. c4 Nb6 8. 
exd6 cxd6 9. d5 Ne5 10. Nxe5 Bxe2 11. Qxe2 dxe5 12. dxe6 f6 13. c5 Qc7 14.
 cxb6 Qxb6 15. Qc4 Be7 16. Nc3 O-O 17. Nd5 1-0

[Event "2019 NA Class C, Rd 1,S93011"]
[Site "CCLA"]
[Date "2019.04.22"]
[Round "1"]
[White "Lartigue, Jonathan"]
[Black "Sanchez, David A."]
[Result "1-0"]
[WhiteElo "1661"]
[BlackElo "1430"]

1. e4 e5 2. Nf3 Nc6 3. Bb5 f5 4. Nc3 fxe4 5. Nxe4 Nf6 6. Nxf6+ Qxf6 7. Qe2
Be7 8. Bxc6 dxc6 9. Nxe5 Bf5 10. O-O Bxc2 11. d3 Ba4 12. b3 Bb5 13. Nf3 h6
14. Ba3 Bxd3 15. Qxd3 Bxa3 16. Rfe1+ Be7 17. Rad1 Kf7 18. Qc4+ 1-0

[Event "2019 NA Class C, Rd 1,S93011"]
[Site "CCLA"]
[Date "2019.04.22"]
[Round "1"]
[White "Lartigue, Jonathan"]
[Black "Cangelosi, Dominic"]
[Result "1-0"]
[WhiteElo "1661"]
[BlackElo "1463"]

1. e4 c5 2. Nf3 d6 3. d4 cxd4 4. Nxd4 Nf6 5. Nc3 g6 6. Be3 Bg7 7. f3 O-O 
8. Qd2 Nc6 9. g4 Nxd4 10. Bxd4 Nd7 11. Bxg7 Kxg7 12. h4 Ne5 13. O-O-O Nxf3
14. Qf2 Ne5 15. g5 f6 16. Qh2 Bg4 17. Be2 Bxe2 18. Nxe2 Ng4 19. Qg3 Qd7 
20. h5 fxg5 21. hxg6 h6 22. Qh3 Rh8 23. Ng3 Kxg6 24. Qh5+ Kf6 25. Rhf1+ 
1-0

[Event "2019 NA Class C, Rd 1,S93011"]
[Site "CCLA"]
[Date "2019.04.22"]
[Round "1"]
[White "Lartigue, Jonathan"]
[Black "Moujan, Pablo"]
[Result "1-0"]
[WhiteElo "1661"]
[BlackElo "1406"]

1. e4 g6 2. d4 Bg7 3. Nc3 d6 4. Be3 a6 5. Qd2 b5 6. a4 b4 7. Nce2 a5 8. 
Ng3 Nc6 9. Bb5 Bd7 10. Nf3 e6 11. O-O Nge7 12. c3 O-O 13. Bh6 bxc3 14. 
bxc3 Na7 15. Bxd7 Qxd7 16. d5 e5 17. c4 Nac8 18. c5 c6 19. Bxg7 Kxg7 20. 
Qg5 f6 21. Nh5+ Kh8 22. Nxf6 Rxf6 23. Qxf6+ Kg8 24. Ng5 Qe8 25. cxd6 Nxd6 
26. Qxd6 Rd8 27. Qe6+ Kg7 28. Qxe5+ Kg8 29. Ne6 Qf8 30. Nxf8 1-0

[Event "2019 NA Class C, Rd 1,S93011"]
[Site "CCLA"]
[Date "2019.04.22"]
[Round "1"]
[White "Sanchez, David A."]
[Black "Taylor, Ronald D."]
[Result "1-0"]
[WhiteElo "1430"]
[BlackElo "1386"]

1. d4 d5 2. c4 e5 3. dxe5 d4 4. Nf3 Nc6 5. g3 Be6 6. Nbd2 Bb4 7. a3 Bxd2+ 
8. Bxd2 Bxc4 9. Qc2 Bd5 10. Bg2 Nge7 11. O-O O-O 12. Ng5 Bxg2 13. Qxh7# 
1-0

[Event "2019 NA Class C, Rd 1,S93011"]
[Site "CCLA"]
[Date "2019.04.22"]
[Round "1"]
[White "Sanchez, David A."]
[Black "Lartigue, Jonathan"]
[Result "0-1"]
[WhiteElo "1430"]
[BlackElo "1661"]

1. e4 e5 2. Nf3 Nc6 3. Bc4 Bc5 4. b4 Bxb4 5. c3 Ba5 6. d4 exd4 7. O-O Nge7
8. cxd4 d5 9. exd5 Nxd5 10. Qb3 Be6 11. Qxb7 Ndb4 12. Bb5 Bd5 13. Ne5 O-O 
14. Bxc6 Rb8 15. Qxa7 Bb6 16. Qa4 Bxd4 0-1

[Event "2019 NA Class C, Rd 1,S93011"]
[Site "CCLA"]
[Date "2019.04.22"]
[Round "1"]
[White "Sanchez, David A."]
[Black "Cangelosi, Dominic"]
[Result "1-0"]
[WhiteElo "1430"]
[BlackElo "1463"]

1. e4 c6 2. d3 d5 3. Nd2 g6 4. Ngf3 Bg7 5. Be2 Nd7 6. O-O e6 7. c3 Ne7 8. 
d4 O-O 9. c4 f5 10. e5 a5 11. c5 b6 12. Ng5 Nb8 13. cxb6 Qxb6 14. Nb3 Ba6 
15. Nxe6 Bxe2 16. Qxe2 Qa6 17. Qxa6 Nxa6 18. Nxf8 Rxf8 19. Nxa5 Ra8 20. 
Bg5 Ra7 21. Rfc1 Nb4 22. Bxe7 Rxa5 23. Bxb4 1-0

[Event "2019 NA Class C, Rd 1,S93011"]
[Site "CCLA"]
[Date "2019.04.22"]
[Round "1"]
[White "Sanchez, David A."]
[Black "Moujan, Pablo"]
[Result "1-0"]
[WhiteElo "1430"]
[BlackElo "1406"]

1. d4 g6 2. c4 Bg7 3. Nf3 d6 4. Nc3 Nf6 5. e4 O-O 6. Be2 e5 7. Be3 c6 8. 
dxe5 dxe5 9. Qxd8 Rxd8 10. Bg5 Re8 11. O-O Bg4 12. Rfd1 Na6 13. Rd6 Bxf3 
14. Bxf6 Bxe2 15. Bxg7 Bxc4 16. Bf6 Re6 17. Rxe6 fxe6 18. Rd1 Kf7 19. Bxe5
b5 20. b3 Bxb3 21. axb3 Nc5 22. b4 Na4 23. Rd7+ Ke8 24. Rxh7 1-0

[Event "2019 NA Class C, Rd 1,S93011"]
[Site "CCLA"]
[Date "2019.04.22"]
[Round "1"]
[White "Cangelosi, Dominic"]
[Black "Taylor, Ronald D."]
[Result "1-0"]
[WhiteElo "1463"]
[BlackElo "1386"]

1. d4 d5 2. c4 e5 3. dxe5 d4 4. Nf3 Nc6 5. g3 Be6 6. Qb3 Qd7 7. Qxb7 Rb8 
8. Qa6 Bc5 9. a3 Nge7 10. Qa4 O-O 11. Qc2 a5 12. Nbd2 h6 13. Ne4 Ba7 14. 
Bxh6 Rfd8 15. Qd2 Ng6 16. Nf6+ gxf6 17. exf6 Nce5 18. Nxe5 Nxe5 19. h4 
Bxc4 20. Qg5+ 1-0